Největší problém je mít dobré úředníky, říká v rozhovoru pro Ekonom Karel Dyba, ministr pro hospodářskou politiku a rozvoj ČR.

Rozhovor o prioritách Ministerstva pro hospodářskou politiku a rozvoj ČR. Cieľ českej hospodárskej politiky v r. 1992. "Špecifické" úlohy politiky ČR. Doterajšie výsledky drobného podnikania. Zmeny v oblasti regionálnych programov. Hlavné zámery investičnej politiky. Vyhliadky výstavby diaľníc a byt...

Descripción completa

Guardado en:
Detalles Bibliográficos
Autor principal: Dyba, K.
Otros Autores: Urban, J., Šatavová, I.
Formato: Capítulo de libro
Lenguaje:checo
Materias:
Etiquetas: Agregar Etiqueta
Sin Etiquetas, Sea el primero en etiquetar este registro!

MARC

LEADER 00000naa a2200000 4500
001 r007754
005 20220831083836.5
041 0 |a cze 
044 |a [CS] 
245 1 0 |a Největší problém je mít dobré úředníky, říká v rozhovoru pro Ekonom Karel Dyba, ministr pro hospodářskou politiku a rozvoj ČR.  |c K. Dyba, J. Urban, I. Šatavová 
520 |a Rozhovor o prioritách Ministerstva pro hospodářskou politiku a rozvoj ČR. Cieľ českej hospodárskej politiky v r. 1992. "Špecifické" úlohy politiky ČR. Doterajšie výsledky drobného podnikania. Zmeny v oblasti regionálnych programov. Hlavné zámery investičnej politiky. Vyhliadky výstavby diaľníc a bytovej politiky. Smery adaptácie energetiky. 
610 2 0 |a politika hospodárska 
610 2 0 |a 1992 
610 2 0 |a Čechy 
610 2 0 |a rozvoj regionálny 
610 2 0 |a politika investičná 
610 2 0 |a energetika 
610 2 0 |a byty 
610 2 0 |a podnikanie 
100 1 |a Dyba, K. 
700 1 |a Urban, J. 
700 1 |a Šatavová, I.